Nirvana Discography - Statistics

General Stats
  • This quiz has been taken 25 times
  • The average score is 40 of 67
Answer Stats
Answer % Correct
Nevermind Smells Like Teen Spirit
100%
Bleach About A Girl
89%
MTV Unplugged In New York About A Girl
89%
Nevermind Come As You Are
89%
MTV Unplugged In New York Come As You Are
89%
In Utero Heart-Shaped Box
89%
Nevermind In Bloom
89%
Nevermind Something In The Way
89%
MTV Unplugged In New York Something In The Way
89%
Nevermind Drain You
84%
Nevermind Lithium
84%
Incestide (New Wave) Polly
84%
Nevermind Polly
84%
MTV Unplugged In New York Polly
84%
Nevermind Territorial Pissings
74%
Bleach Blew
68%
In Utero Dumb
68%
MTV Unplugged In New York Dumb
68%
Nevermind Lounge Act
68%
Nevermind On A Plain
68%
MTV Unplugged In New York On A Plain
68%
In Utero Serve The Servants
68%
Nevermind Stay Away
68%
MTV Unplugged In New York The Man Who Sold The World
68%
MTV Unplugged In New York Where Did You Sleep Last Night
68%
In Utero All Apologies
63%
MTV Unplugged In New York All Apologies
63%
Nevermind Breed
63%
Nevermind Endless, Nameless
63%
Bleach Floyd The Barber
63%
Bleach Love Buzz
63%
In Utero Radio Friendly Unit Shifter
63%
In Utero Rape Me
63%
In Utero Scentless Apprentice
63%
In Utero Tourette's
63%
In Utero Frances Farmer Will Have Her Revenge On Seattle
58%
In Utero Milk It
58%
In Utero Pennyroyal Tea
58%
MTV Unplugged In New York Pennyroyal Tea
58%
Bleach School
58%
Incestide Sliver
58%
Incestide Aneurysm
53%
Bleach Big Cheese
53%
MTV Unplugged In New York Lake Of Fire
53%
Incestide Mexican Seafood
53%
Bleach Negative Creep
53%
MTV Unplugged In New York Plateau
53%
Incestide Dive
47%
Bleach Paper Cuts
47%
Incestide Son Of A Gun
47%
In Utero Very Ape
47%
Incestide Aero Zeppelin
42%
Bleach Downer
42%
Incestide Downer
42%
Incestide Molly's Lips
42%
Bleach Mr. Moustache
42%
Incestide Been A Son
37%
Incestide Hairspray Queen
37%
Bleach Sifting
37%
Incestide Beeswax
32%
MTV Unplugged In New York Jesus Doesn't Want Me For A Sunbeam
32%
MTV Unplugged In New York Oh Me
32%
Bleach Swap Meet
32%
Incestide Big Long Now
26%
Bleach Scoff
26%
Incestide Stain
26%
Incestide Turnaround
26%
No matching quizzes found
Score Distribution
Percent of People with Each Score
Percentile by Number Answered
Your Score History
You have not taken this quiz